| 000 | 00332nam a22001337a 4500 | ||
|---|---|---|---|
| 020 | _a978-81-8363-129-7 | ||
| 082 |
_a158 _bCAR/H |
||
| 100 | _aCARNEGIE,DALE | ||
| 245 | _aHOW TO WIN FRIENDS AND INFLUENCE PEOPLE | ||
| 260 |
_aNEW DELHI _bADARSH BOOKS |
||
| 300 | _a238 | ||
| 650 |
_aPERSONALITY DVELOPMENT _zNEW DELHI |
||
| 942 | _cBK | ||
| 999 |
_c5208 _d5208 |
||